La Comunidad y Tierra de Segovia (Record no. 157395)

MARC details
000 -LEADER
campo de control de longitud fija 01012nam a22002295i 4500
001 - NÚMERO DE CONTROL
campo de control 157395
003 - IDENTIFICADOR DE NÚMERO DE CONTROL
campo de control ES-MaACL
005 - FECHA Y HORA DE LA ÚLTIMA TRANSACCIÓN
campo de control 20250825231951.0
008 - DATOS DE LONGITUD FIJA--INFORMACIÓN GENERAL
campo de control de longitud fija 970417s1893 sp |||| | spa d
040 ## - FUENTE DE CATALOGACIÓN
Centro catalogador/agencia de origen CYL
Lengua de catalogación spa
Centro/agencia transcriptor CYL
100 1# - ENTRADA PRINCIPAL--NOMBRE DE PERSONA
Nombre de persona Lecea y García, Carlos de (
Fechas asociadas al nombre 1835-1919)
9 (RLIN) 144318
245 13 - MENCIÓN DEL TÍTULO
Título La Comunidad y Tierra de Segovia
Resto del título : estudio histórico-legal acerca de su origen, extensión, propiedades, derechos y estado presente /
Mención de responsabilidad, etc. por Carlos Lecea y García.
260 ## - PUBLICACIÓN, DISTRIBUCIÓN, ETC.
Lugar de publicación, distribución, etc. Segovia :
Nombre del editor, distribuidor, etc. [Publicado por el Ayuntamiento de Segovia y la Junta de su Comunidad],
Fecha de publicación, distribución, etc. 1893 (
Fabricante Establec. Tipogr. de Ondero)
300 ## - DESCRIPCIÓN FÍSICA
Extensión 460 p. ;
Dimensiones 21 cm.
596 #1 - NOTA AL PIE DE IMPRENTA
NOTA AL PIE DE IMPRENTA Mención de ed. tomado de tapa final.
610 24 - PUNTO DE ACCESO ADICIONAL DE MATERIA--NOMBRE DE ENTIDAD CORPORATIVA
Nombre de entidad corporativa o nombre de jurisdicción como elemento de entrada Comunidad y Tierra de Segovia-
Subdivisión de forma Historia.
9 (RLIN) 157663
650 #4 - PUNTO DE ACCESO ADICIONAL DE MATERIA--TÉRMINO DE MATERIA
Término de materia o nombre geográfico como elemento de entrada Bienes comunales-
Subdivisión geográfica Segovia (Provincia)-
Subdivisión de forma Historia.
9 (RLIN) 157664
650 #7 - PUNTO DE ACCESO ADICIONAL DE MATERIA--TÉRMINO DE MATERIA
Término de materia o nombre geográfico como elemento de entrada Propiedad rústica-
Subdivisión geográfica Segovia (Provincia)
Fuente del encabezamiento o término
9 (RLIN) 157665
651 #4 - PUNTO DE ACCESO ADICIONAL DE MATERIA--NOMBRE GEOGRÁFICO
Nombre geográfico Segovia-
Subdivisión general Historia.
9 (RLIN) 137359
852 ## - LOCALIZACIÓN
Ubicación ES-MaACL
Número de control de estantería D-385
Nota libre -- Rúst.
Holdings
Estatus retirado Estado de pérdida Estado de daño No para préstamo Colección Biblioteca de origen Biblioteca actual Ubicación en estantería Fecha de adquisición Fuente de adquisición Total de préstamos Signatura topográfica completa Código de barras Visto por última vez Precio de reemplazo Tipo de ítem Koha
        Libros del s. XIX Biblioteca del Ateneo de Madrid Biblioteca del Ateneo de Madrid Sala Valle Inclán 17/01/2008     D-385 901164712 23/02/2023 23/02/2023 Libro impreso antiguo